<?xml version="1.0" encoding="UTF-8"?>
<collection xmlns="http://www.loc.gov/MARC21/slim">
<record>
  <controlfield tag="001">61312</controlfield>
  <controlfield tag="005">20230126102832.0</controlfield>
  <datafield tag="024" ind1="8" ind2=" ">
    <subfield code="2">sideral</subfield>
    <subfield code="a">89513</subfield>
  </datafield>
  <datafield tag="037" ind1=" " ind2=" ">
    <subfield code="a">ART-2015-89513</subfield>
  </datafield>
  <datafield tag="041" ind1=" " ind2=" ">
    <subfield code="a">spa</subfield>
  </datafield>
  <datafield tag="100" ind1=" " ind2=" ">
    <subfield code="a">Alcalá, L.</subfield>
  </datafield>
  <datafield tag="245" ind1=" " ind2=" ">
    <subfield code="a">Idoneidad del uso del MALDI-TOF MS para la identificación de Staphylococcus aureus y miembros del grupo de Staphylococcus intermedius (S.I.G.)</subfield>
  </datafield>
  <datafield tag="260" ind1=" " ind2=" ">
    <subfield code="c">2015</subfield>
  </datafield>
  <datafield tag="506" ind1="0" ind2=" ">
    <subfield code="a">Access copy available to the general public</subfield>
    <subfield code="f">Unrestricted</subfield>
  </datafield>
  <datafield tag="520" ind1="3" ind2=" ">
    <subfield code="a">A pesar de que el género Staphylococcus es comúnmente aislado en humanos y animales, su identificación sigue siendo problemática. Este estudio evalúa la idoneidad del MALDI-TOF MS (Biotyper 3) para su identificación, comparando los resultados obtenidos mediante diferentes métodos: fenotípicos, MALDITOF MS (añadiendo o no ácido fórmico) y moleculares. Una colección de 37 cepas fue identificada por técnicas convencionales como S. aureus (n= 7), S. intermedius (n=1) y S. pseudintermedius (n=29). Los aislamientos provenían de perros, tanto sanos como enfermos (n=27), y humanos (n=10), a partir de diferentes muestras biológicas. Todas ellas fueron también identificadas por biología molecular y los cultivos puros fueron procesados en el MALDI-TOF MS. La información fue analizada con DAG_Stat. La sensibilidad, especificidad,
eficiencia y el índice kappa se estimaron para cada especie bacteriana con un nivel de confianza del 95%, tomando la biología molecular como gold standard. Se detectaron Estafilococos de 27 perros y de sus dueños.
Solamente una cepa de S. intermedius fue aislada, así que los parámetros relacionados con ella tienen que ser considerados con cautela. Todos los S. aureus fueron identificados correctamente. Usando MALDI-TOF MS con ácido fórmico, hubo una concordancia casi perfecta entre pruebas en la identificación de S. aureus y S. pseudintermedius. Cuando no se añadía ácido fórmico, la concordancia fue perfecta para S. aureus, mientras que para S. pseudintermedius fue buena. Este trabajo demuestra la validez, la utilidad y la fiabilidad del MALDI-TOF MS para la identificación de aislamientos bacterianos pertenecientes a Staphylococcus spp.</subfield>
  </datafield>
  <datafield tag="540" ind1=" " ind2=" ">
    <subfield code="9">info:eu-repo/semantics/openAccess</subfield>
    <subfield code="a">by</subfield>
    <subfield code="u">http://creativecommons.org/licenses/by/3.0/es/</subfield>
  </datafield>
  <datafield tag="592" ind1=" " ind2=" ">
    <subfield code="a">0.187</subfield>
    <subfield code="b">2015</subfield>
  </datafield>
  <datafield tag="593" ind1=" " ind2=" ">
    <subfield code="a">Veterinary (miscellaneous)</subfield>
    <subfield code="c">2015</subfield>
    <subfield code="d">Q3</subfield>
  </datafield>
  <datafield tag="655" ind1=" " ind2="4">
    <subfield code="a">info:eu-repo/semantics/article</subfield>
    <subfield code="v">info:eu-repo/semantics/publishedVersion</subfield>
  </datafield>
  <datafield tag="700" ind1=" " ind2=" ">
    <subfield code="a">Simón, M.C.</subfield>
    <subfield code="u">Universidad de Zaragoza</subfield>
    <subfield code="0">(orcid)0000-0002-4180-1539</subfield>
  </datafield>
  <datafield tag="700" ind1=" " ind2=" ">
    <subfield code="a">López-Calleja, A.I.</subfield>
  </datafield>
  <datafield tag="700" ind1=" " ind2=" ">
    <subfield code="a">Ferrer, I.</subfield>
  </datafield>
  <datafield tag="700" ind1=" " ind2=" ">
    <subfield code="a">Pereira, J.</subfield>
  </datafield>
  <datafield tag="700" ind1=" " ind2=" ">
    <subfield code="a">Ortega, C.</subfield>
    <subfield code="u">Universidad de Zaragoza</subfield>
    <subfield code="0">(orcid)0000-0002-1210-286X</subfield>
  </datafield>
  <datafield tag="700" ind1=" " ind2=" ">
    <subfield code="a">Torres, C.</subfield>
  </datafield>
  <datafield tag="700" ind1=" " ind2=" ">
    <subfield code="a">Viguera, N.</subfield>
  </datafield>
  <datafield tag="700" ind1=" " ind2=" ">
    <subfield code="a">Gómez-Sanz, E.</subfield>
  </datafield>
  <datafield tag="700" ind1=" " ind2=" ">
    <subfield code="a">Revillo, M.J.</subfield>
    <subfield code="0">(orcid)0000-0003-3570-5791</subfield>
  </datafield>
  <datafield tag="700" ind1=" " ind2=" ">
    <subfield code="a">Rezusta, A.</subfield>
    <subfield code="u">Universidad de Zaragoza</subfield>
    <subfield code="0">(orcid)0000-0001-7294-245X</subfield>
  </datafield>
  <datafield tag="710" ind1="2" ind2=" ">
    <subfield code="1">1009</subfield>
    <subfield code="2">773</subfield>
    <subfield code="a">Universidad de Zaragoza</subfield>
    <subfield code="b">Dpto. Patología Animal</subfield>
    <subfield code="c">Área Sanidad Animal</subfield>
  </datafield>
  <datafield tag="710" ind1="2" ind2=" ">
    <subfield code="1">1008</subfield>
    <subfield code="2">630</subfield>
    <subfield code="a">Universidad de Zaragoza</subfield>
    <subfield code="b">Dpto. Microb.Med.Pr.,Sal.Públ.</subfield>
    <subfield code="c">Área Microbiología</subfield>
  </datafield>
  <datafield tag="773" ind1=" " ind2=" ">
    <subfield code="g">16, 1 (2015), [12 pp.]</subfield>
    <subfield code="p">Rev. electrón. vet.</subfield>
    <subfield code="t">Revista electrónica de veterinaria</subfield>
    <subfield code="x">1695-7504</subfield>
  </datafield>
  <datafield tag="856" ind1="4" ind2=" ">
    <subfield code="s">330320</subfield>
    <subfield code="u">http://zaguan.unizar.es/record/61312/files/texto_completo.pdf</subfield>
    <subfield code="y">Versión publicada</subfield>
  </datafield>
  <datafield tag="856" ind1="4" ind2=" ">
    <subfield code="s">130615</subfield>
    <subfield code="u">http://zaguan.unizar.es/record/61312/files/texto_completo.jpg?subformat=icon</subfield>
    <subfield code="x">icon</subfield>
    <subfield code="y">Versión publicada</subfield>
  </datafield>
  <datafield tag="856" ind1="4" ind2="1">
    <subfield code="u">http://www.veterinaria.org/revistas/redvet/n010115/011502esp.pdf</subfield>
    <subfield code="z">Texto completo de la revista</subfield>
  </datafield>
  <datafield tag="909" ind1="C" ind2="O">
    <subfield code="o">oai:zaguan.unizar.es:61312</subfield>
    <subfield code="p">articulos</subfield>
    <subfield code="p">driver</subfield>
  </datafield>
  <datafield tag="951" ind1=" " ind2=" ">
    <subfield code="a">2023-01-26-09:51:17</subfield>
  </datafield>
  <datafield tag="980" ind1=" " ind2=" ">
    <subfield code="a">ARTICLE</subfield>
  </datafield>
</record>
</collection>